[Event "R Challenge"]
[Site "http://www.queenalice.com/game.php?id=746708"]
[Date "2010.3.15"]
[Round "-"]
[White "RN"]
[Black "DrIgO"]
[Result "1-0"]
[WhiteElo "1561"]
[BlackElo "1521"]

1. c4 d5 2. cxd5 Qxd5 3. Nc3 Qe5 4. d4 Qf5 5. e4 Qg6 6. Nge2 e5 7. dxe5 Bb4 8.
f3 Qe6 9. Qa4+ Nc6 10. a3 Bxc3+ 11. Nxc3 Bd7 12. Nd5 Rc8 13. Bc4 Qg6 14. O-O Bh3
15. Rf2 Bd7 16. Bb5 a6 17. Bxc6 Bxc6 18. Qb4 Bxd5 19. exd5 Rd8 20. Qxb7 Ne7 21.
Rd2 O-O 22. d6 cxd6 23. Qxe7 Rde8 24. Qxd6 Qf5 25. Rd5 g6 26. Bh6 Qc2 27. Qf6
Qxg2+ 28. Kxg2 g5 29. Qg7# 1-0

[Event "AUTO-OPEN-1932"]
[Site "http://www.queenalice.com/game.php?id=754611"]
[Date "2010.3.31"]
[Round "1"]
[White "Bluetooth"]
[Black "DrIgO"]
[Result "1-0"]
[WhiteElo "820"]
[BlackElo "1505"]

1. c4 d5 2. d4 e6 3. Nc3 Bb4 4. a3 Bxc3+ 5. bxc3 dxc4 6. Qa4+ Bd7 7. Qxc4 Bb5 8.
Qxb5+ Nd7 9. Qxb7 Ne7 10. e4 Rb8 11. Qxa7 O-O 12. Qa5 Nc6 13. Qa4 e5 14. Qxc6
exd4 15. cxd4 Rb6 16. Qc3 Nf6 17. f3 Qb8 18. Bd3 Rb3 19. Qc2 Rd8 20. Ne2 c5 21.
e5 Nd5 22. Bxh7+ Kf8 23. Qxc5+ Ke8 24. Bg5 Rb1+ 25. Rxb1 Qa8 26. Bd3 Rc8 27.
Bb5+ Rc6 28. Qxc6+ Qxc6 29. Bxc6+ 1-0

[Event "AUTO-OPEN-1932"]
[Site "http://www.queenalice.com/game.php?id=754612"]
[Date "2010.3.31"]
[Round "1"]
[White "DrIgO"]
[Black "Bluetooth"]
[Result "0-1"]
[WhiteElo "1508"]
[BlackElo "749"]

1. d4 Nf6 2. d5 e6 3. c4 exd5 4. cxd5 Bb4+ 5. Nd2 Nxd5 6. Qb3 c6 7. e4 Qe7 8.
Qg3 Qxe4+ 9. Be2 O-O 10. Nf3 Nf4 11. O-O Nxe2+ 12. Kh1 Nxg3+ 13. fxg3 Qd3 14. a3
Qa6 15. Ne4 Qxf1+ 16. Ng1 Re8 17. Nd2 Bxd2 18. Bxd2 Qxa1 19. h4 Re2 20. Bg5 Qf1
0-1

[Event "AUTO-OPEN-1932"]
[Site "http://www.queenalice.com/game.php?id=754631"]
[Date "2010.3.31"]
[Round "1"]
[White "Blutigeroo"]
[Black "DrIgO"]
[Result "1-0"]
[WhiteElo "1538"]
[BlackElo "1498"]

1. Na3 e5 2. Nh3 Nf6 3. e3 e4 4. Bc4 d5 5. Bb3 Bxh3 6. gxh3 Qd7 7. d4 Qxh3 8.
Qe2 Qg2 9. Qf1 Qf3 10. Nb5 Na6 11. Bd2 Nb4 12. Nxc7+ Kd7 13. Nxa8 Be7 14. Ba4+
Ke6 15. Nc7+ Kf5 16. Nb5 Rc8 17. Nc3 a6 18. h4 b5 19. Bb3 a5 20. a4 Ng4 21. axb5
Nd3+ 22. cxd3 exd3 23. Bxd5 Qxf2+ 24. Qxf2+ Nxf2 25. Kxf2 g5 26. Be4+ Ke6 27.
hxg5 Bxg5 28. Rxh7 Rg8 29. Rxa5 Be7 30. Bd5+ Kd6 31. Rxf7 Bh4+ 32. Kf1 Be7 33.
Ra6+ Kd7 34. Ra7+ Ke8 35. Rfxe7+ Kf8 36. Rf7+ 1-0

[Event "AUTO-OPEN-1932"]
[Site "http://www.queenalice.com/game.php?id=754632"]
[Date "2010.3.31"]
[Round "1"]
[White "DrIgO"]
[Black "Blutigeroo"]
[Result "0-1"]
[WhiteElo "1498"]
[BlackElo "1454"]

1. d4 g6 2. d5 Bg7 3. Nf3 Nf6 4. Qd4 O-O 5. Ng5 b6 6. e4 d6 7. Bb5 Bb7 8. Nc3
Nbd7 9. b4 a6 10. Bc6 Rb8 11. Bb2 h6 12. h4 hxg5 13. hxg5 Nh5 14. Qe3 Ne5 15.
Rxh5 gxh5 16. Qh3 Nxc6 17. dxc6 Bxc6 18. Qxh5 Bxe4 19. O-O-O Bg6 20. Qh3 e5 21.
Ne4 Bxe4 22. f3 Bg6 23. Rh1 Qxg5+ 24. Kb1 c5 25. Bc1 Qf6 26. g3 e4 27. f4 Qa1#
0-1

[Event "AUTO-OPEN-1932"]
[Site "http://www.queenalice.com/game.php?id=754641"]
[Date "2010.3.31"]
[Round "1"]
[White "Popeye"]
[Black "DrIgO"]
[Result "1-0"]
[WhiteElo "1693"]
[BlackElo "1475"]

1. d4 d5 2. Nc3 Nc6 3. Nf3 e6 4. a3 Nf6 5. h3 Ne4 6. Nxe4 dxe4 7. Ne5 Nxe5 8.
dxe5 Qe7 9. e3 Qc5 10. Qe2 Bd7 11. c3 Qxe5 12. Bd2 Qd5 13. c4 Qe5 14. Bc3 Qc5
15. O-O-O Bd6 16. f3 Ba4 17. Rd4 Bb3 18. Bb4 Qb6 19. c5 Bxc5 20. Bxc5 Qxc5+ 21.
Kb1 O-O 22. Rxe4 Rad8 23. Rd4 Rxd4 24. exd4 Qxd4 25. Qd3 Qa4 26. Be2 c5 27. Bd1
Qa6 28. Qxb3 Rd8 29. Re1 Rd3 30. Qc2 c4 31. Be2 b5 32. Bxd3 cxd3 33. Qxd3 Qa5
34. Rc1 g6 35. Qd4 a6 36. Rc8+ 1-0

[Event "AUTO-OPEN-1932"]
[Site "http://www.queenalice.com/game.php?id=754642"]
[Date "2010.3.31"]
[Round "1"]
[White "DrIgO"]
[Black "Popeye"]
[Result "1-0"]
[WhiteElo "1463"]
[BlackElo "1638"]

1. d4 d5 2. Nc3 Nf6 3. e3 a6 4. Nf3 Nc6 5. Ne5 Nxe5 6. dxe5 Ne4 7. Nxe4 dxe4 8.
Qe2 Qd5 9. Bd2 Qxe5 10. Bc3 Qd5 11. Rd1 Qc6 12. Rd4 e5 13. Rc4 Bc5 14. Bxe5 b5
15. Rc3 b4 16. Rc4 Be6 17. Bxg7 Bxc4 18. Qxc4 Rg8 19. Bd4 Rg5 20. Be2 O-O-O 21.
h4 Rxg2 22. h5 Rd5 23. Bf1 Rgg5 24. Bh3+ f5 25. a3 a5 26. axb4 axb4 27. c3 Rd6
28. Bxc5 Rd5 29. cxb4 Rxh5 30. Bxf5+ Rdxf5 31. Rxh5 Rxh5 32. Qg8+ Kb7 33. Qg4
Rh1+ 34. Ke2 Rb1 35. Qg7 Ka6 36. Qh8 h6 37. Qc8+ Kb5 38. Qb8+ Kc4 39. Qg8+ Kb5
40. Qa2 Rg1 41. b3 Qa6 42. Qc2 Rg4 43. Qc4+ Kc6 44. Qxa6+ Kd7 45. b5 Rg5 46.
Qc6+ Kd8 47. Qf6+ Kc8 48. b4 Rd5 49. Qe6+ 1-0

[Event "AUTO-INT-1659"]
[Site "http://www.queenalice.com/game.php?id=754737"]
[Date "2010.4.1"]
[Round "1"]
[White "V_Spy"]
[Black "DrIgO"]
[Result "0-1"]
[WhiteElo "1509"]
[BlackElo "1488"]

1. e4 d5 2. Nc3 e6 3. d4 Nf6 4. g4 Nc6 5. Bg2 Bb4 6. a3 Bxc3+ 7. bxc3 dxe4 8. g5
Nd5 9. Nh3 Nxc3 10. Qd2 Qxd4 11. Bb2 Qxd2+ 12. Kxd2 Nb5 13. Bxg7 Rg8 14. Bb2 e5
15. Rhe1 f6 16. Rxe4 Bf5 17. Rc4 O-O-O+ 18. Ke1 fxg5 19. Bxe5 Nxe5 20. Rc5 g4
21. Nf4 Nf3+ 22. Bxf3 gxf3 23. Rxb5 Rg1# 0-1

[Event "AUTO-INT-1659"]
[Site "http://www.queenalice.com/game.php?id=754738"]
[Date "2010.4.1"]
[Round "1"]
[White "DrIgO"]
[Black "V_Spy"]
[Result "1-0"]
[WhiteElo "1470"]
[BlackElo "1527"]

1. d4 d5 2. Nc3 Nc6 3. e3 e5 4. g3 Be6 5. Nh3 exd4 6. exd4 Qd6 7. Nf4 Qb4 8. a3
Qb6 9. Nfxd5 Bxd5 10. Nxd5 Qa5+ 11. Nb4 Qf5 12. Bf4 Bxb4+ 13. axb4 Nxb4 14. Qe2+
Ne7 15. Bxc7 Nxc2+ 16. Kd1 Nxa1 17. Bd6 Qb1+ 18. Kd2 Qxb2+ 19. Kd3 Qb3+ 20. Kd2
Qb4+ 21. Bxb4 Nb3+ 22. Kc3 Nc1 23. Qxe7# 1-0

[Event "AUTO-INT-1659"]
[Site "http://www.queenalice.com/game.php?id=754751"]
[Date "2010.4.1"]
[Round "1"]
[White "MC"]
[Black "DrIgO"]
[Result "1-0"]
[WhiteElo "1754"]
[BlackElo "1468"]

1. e4 d5 2. e5 Nc6 3. d4 e6 4. Bb5 Qe7 5. c3 Bd7 6. Nf3 Nh6 7. Ng5 f6 8. Nf3 a6
9. Ba4 b5 10. Bb3 Ng4 11. Nh4 f5 12. Nf3 Na5 13. Ng5 Qd8 14. h3 Nxf2 15. Kxf2
Be7 16. Qh5+ g6 17. Qh6 Bf8 18. Qh4 Be7 19. Bd1 Bxg5 20. Bxg5 Qb8 21. b4 Nc4 22.
Qh6 Nxe5 23. dxe5 Qa7+ 24. Kf1 c5 25. Qg7 Bc6 26. Qxh8+ Kd7 27. Qxh7+ Kc8 28.
Qg8+ Kb7 29. Qf7+ Kb6 30. Qxa7+ Rxa7 31. bxc5+ Kb7 32. a4 d4 33. cxd4 Kb8 34.
axb5 Rd7 35. bxc6 Rxd4 36. Ke1 Re4+ 37. Be2 Rxe5 38. Bf4 Kc7 39. Bxe5+ Kxc6 40.
Ra5 g5 41. Kd2 Kd5 42. Bc3 e5 43. Rf1 f4 44. Na3 e4 45. Bc4+ Kc6 46. Bxa6 e3+
47. Kd3 Kd5 48. Nc4 Ke6 49. c6 Ke7 50. c7 Kf7 51. c8=Q Kg6 52. Qg8+ Kh5 53.
Qxg5# 1-0

[Event "AUTO-INT-1659"]
[Site "http://www.queenalice.com/game.php?id=754752"]
[Date "2010.4.1"]
[Round "1"]
[White "DrIgO"]
[Black "MC"]
[Result "0-1"]
[WhiteElo "1478"]
[BlackElo "1674"]

1. d4 Nc6 2. d5 Ne5 3. Nc3 a5 4. e4 c6 5. Bf4 Ng6 6. Bg5 d6 7. Qd3 h6 8. Be3 b5
9. dxc6 Ba6 10. O-O-O b4 11. Nb5 Bxb5 12. Qd4 Bxc6 13. g3 Rc8 14. b3 Qc7 15. h4
Bxe4 16. Rd2 Bxc2 17. f4 Bd3+ 18. Kb2 Qc1# 0-1

[Event "AUTO-INT-1360"]
[Site "http://www.queenalice.com/game.php?id=809152"]
[Date "2010.7.27"]
[Round "2"]
[White "DrIgO"]
[Black "code_5541"]
[Result "1-0"]
[WhiteElo "1472"]
[BlackElo "1709"]

1. d4 d5 2. e3 Nc6 3. Bb5 Bd7 4. c3 Nf6 5. Nf3 e6 6. Qb3 a6 7. Bxc6 Bxc6 8. Ne5
Bd6 9. Nxc6 bxc6 10. Qb7 Qb8 11. Qxc6+ Nd7 12. e4 dxe4 13. O-O f5 14. d5 exd5
15. Qxd5 g6 16. Nd2 Nb6 17. Qc6+ Nd7 18. Nc4 Qd8 19. Be3 Rb8 20. b4 Kf8 21. Bh6+
Ke7 22. Bg5+ Nf6 23. Rad1 1-0

[Event "AUTO-INT-1360"]
[Site "http://www.queenalice.com/game.php?id=809153"]
[Date "2010.7.27"]
[Round "2"]
[White "code_5541"]
[Black "DrIgO"]
[Result "1-0"]
[WhiteElo "1642"]
[BlackElo "1490"]

1. e4 d5 2. exd5 Qxd5 3. Nc3 Qe6+ 4. Qe2 Qc6 5. Qb5 Bd7 6. Qxc6 Nxc6 7. Nf3
O-O-O 8. Bc4 Bg4 9. Be2 f5 10. h3 Bxf3 11. Bxf3 Nb4 12. Bd1 e5 13. O-O e4 14. a3
Nd5 15. Nb5 Kb8 16. c4 Ndf6 17. b4 h5 18. Bc2 f4 19. Nc3 g5 20. Nxe4 g4 21. Ng5
Rd7 22. h4 f3 23. g3 Bd6 24. Bb2 c5 25. Ne4 Bxg3 26. Nxg3 Rxd2 27. Be5+ Ka8 28.
Be4 Nxe4 29. Bxh8 Nxg3 30. fxg3 Rg2+ 31. Kh1 b6 32. Be5 cxb4 33. axb4 Ne7 34.
Rab1 Nf5 35. Rg1 Re2 36. Bf4 f2 37. Rgf1 a5 38. Kg2 a4 39. Rxf2 Ne3+ 40. Bxe3
Rxe3 41. Ra2 Rc3 42. Rxa4+ Kb7 43. c5 bxc5 44. bxc5+ Kc6 45. Ra5 Rc2+ 46. Kg1
Rc3 47. Kf2 Rf3+ 48. Kg2 Kd5 49. Rf1 Rxf1 50. Kxf1 Kc6 51. Kf2 Kb7 52. Ke3 Kc6
53. Kf4 Kd7 54. Kg5 Ke6 55. Kxh5 Kf5 56. c6+ Ke6 57. c7 Kd7 58. Rc5 Kc8 59. Kxg4
1-0

[Event "AUTO-INT-1360"]
[Site "http://www.queenalice.com/game.php?id=809154"]
[Date "2010.7.27"]
[Round "2"]
[White "DrIgO"]
[Black "Pcchess"]
[Result "0-1"]
[WhiteElo "1475"]
[BlackElo "2020"]

1. d4 Nf6 2. d5 g6 3. Nf3 Bg7 4. Bg5 O-O 5. Qd2 Ne4 6. Qb4 Nxg5 7. Nxg5 e6 8.
Qh4 h6 9. Qe4 hxg5 10. e3 Bxb2 11. Be2 Qf6 12. O-O Bxa1 13. Nd2 exd5 14. Qxd5 c6
15. Qc5 d5 16. e4 Bd4 17. Qb4 c5 18. Qb5 a6 19. Qa5 Bc3 20. Qxc5 Bxd2 21. e5
Qxe5 22. g3 Qxe2 23. Qxd5 Bh3 24. Rb1 Be1 25. Qd3 Qxd3 26. cxd3 Re8 27. f4 gxf4
28. gxf4 Bh4 29. f5 Re1+ 30. Rxe1 Bxe1 31. fxg6 Nc6 0-1

[Event "AUTO-INT-1360"]
[Site "http://www.queenalice.com/game.php?id=809155"]
[Date "2010.7.27"]
[Round "2"]
[White "Pcchess"]
[Black "DrIgO"]
[Result "1-0"]
[WhiteElo "2007"]
[BlackElo "1492"]

1. e4 d5 2. e5 e6 3. f4 b6 4. Nf3 Be7 5. c3 Bc5 6. d4 Be7 7. Bd3 c5 8. Be3 Ba6
9. Bxa6 Nxa6 10. Qd3 c4 11. Qc2 Nb4 12. cxb4 Bxb4+ 13. Nc3 Ne7 14. O-O g6 15.
Qa4+ Qd7 16. Qxb4 a5 17. Qxb6 O-O 18. Rf2 Nf5 19. Re1 Rab8 20. Qc5 Rfc8 21. Qa3
Rb6 22. Na4 Rb5 23. Nc5 Qe7 24. g4 Nxe3 25. Qxe3 Rcb8 26. b3 a4 27. bxc4 Rb1 28.
cxd5 R8b4 29. d6 Qa7 30. Rxb1 Rxb1+ 31. Kg2 h5 32. gxh5 a3 33. hxg6 fxg6 34. Qd3
Qh7 35. Qxb1 Qh5 36. Qb8+ Kh7 37. Ng5+ Kg7 38. Ncxe6+ 1-0

[Event "AUTO-INT-1360"]
[Site "http://www.queenalice.com/game.php?id=809156"]
[Date "2010.7.27"]
[Round "2"]
[White "DrIgO"]
[Black "ReidoBaralho"]
[Result "0-1"]
[WhiteElo "1497"]
[BlackElo "1500"]

1. d4 e6 2. e3 Qh4 3. g3 Qe4 4. Nf3 Bb4+ 5. Bd2 Bxd2+ 6. Nbxd2 Qc6 7. Bg2 d5 8.
Ne5 Qd6 9. Qf3 Nf6 10. e4 O-O 11. O-O Nc6 12. c4 Nxd4 13. Qd3 dxc4 14. Nexc4 Qd7
15. a4 b6 16. a5 b5 17. Ne5 Qd6 18. f4 Bb7 19. Nb3 Bxe4 20. Bxe4 Rad8 21. Rad1
c5 22. Nxd4 cxd4 23. Nc6 Rd7 24. Bg2 Ng4 25. Qxb5 Ne3 26. Rxd4 Qc7 27. Rc1 Rxd4
28. Nxd4 Qxc1+ 29. Kf2 Qd2+ 30. Kf3 Nxg2 31. Nc6 Ne1+ 32. Kg4 f5+ 33. Kg5 Nf3+
34. Kh5 Qxh2# 0-1

[Event "AUTO-INT-1360"]
[Site "http://www.queenalice.com/game.php?id=809157"]
[Date "2010.7.27"]
[Round "2"]
[White "ReidoBaralho"]
[Black "DrIgO"]
[Result "0-1"]
[WhiteElo "1538"]
[BlackElo "1473"]

1. e4 d5 2. e5 Bf5 3. Qh5 g6 4. Qf3 e6 5. Qb3 b6 6. Qb5+ Nd7 7. Nf3 Bc5 8. d3
Ne7 9. d4 Bxc2 10. Nbd2 O-O 11. dxc5 Nxc5 12. b4 a6 13. Qe2 Nd3+ 14. Qxd3 Bxd3
15. Bxd3 a5 16. Ba3 axb4 17. Bxb4 c5 18. Ba3 Rxa3 19. Ke2 c4 20. Bc2 c3 21. Nb1
Qa8 22. Nd4 Rxa2 23. Rxa2 Qxa2 24. Kd3 Qc4+ 25. Ke3 Ra8 26. Bd3 Qc5 27. f4 Ra4
28. Rc1 Qxd4+ 29. Ke2 Ra2+ 30. Kf3 Qf2+ 31. Kg4 Qxg2+ 32. Kh4 Qxh2+ 33. Kg5 c2
34. Nc3 Qg3+ 35. Kf6 Ra7 36. Rb1 cxb1=Q 37. Nxb1 Qxd3 38. Kg5 Qxb1 39. Kg4 Qf5+
40. Kf3 Ra3+ 41. Ke2 Qd3+ 42. Kf2 Ra2+ 43. Ke1 Qe2# 0-1

[Event "Matrix"]
[Site "http://www.queenalice.com/game.php?id=809703"]
[Date "2010.7.28"]
[Round "1"]
[White "DrIgO"]
[Black "Prof_Odair"]
[Result "0-1"]
[WhiteElo "1481"]
[BlackElo "1738"]

1. d4 Nf6 2. Nf3 d5 3. e3 Nc6 4. Bb5 Bg4 5. c3 g6 6. Ne5 Bxd1 7. Bxc6+ bxc6 8.
Nxc6 Qd6 9. Ne5 Ba4 10. b3 Bb5 11. Ba3 Qe6 12. c4 dxc4 13. bxc4 Bxc4 14. Nc3 Bg7
15. Rd1 O-O 16. e4 Bxa2 17. Nxa2 Qxa2 18. Bxe7 Rfe8 19. O-O Rxe7 20. Nc6 Rxe4
21. Ra1 Qd5 22. Ra6 Rae8 23. Nb4 Qb5 24. Raa1 Qxb4 25. Rab1 Qxb1 26. Rxb1 Re1+
27. Rxe1 Rxe1# 0-1

[Event "Challenge"]
[Site "http://www.queenalice.com/game.php?id=811757"]
[Date "2010.8.1"]
[Round "-"]
[White "garota_rap"]
[Black "DrIgO"]
[Result "1-0"]
[WhiteElo "1524"]
[BlackElo "1486"]

1. e4 d5 2. Nc3 e6 3. e5 Ne7 4. g4 g6 5. Nh3 b6 6. Qf3 Bb7 7. d4 Nbc6 8. Be3 Nb4
9. O-O-O Qd7 10. Ng5 f5 11. exf6 O-O-O 12. fxe7 Bxe7 13. Nf7 Rhf8 14. a3 Bh4 15.
Qh3 Qe7 16. Nxd8 Qxd8 17. axb4 Bg5 18. f4 Be7 19. Nb5 Kb8 20. c3 a6 21. Na3 Qd7
22. Qxh7 g5 23. fxg5 Rf3 24. Bd2 c5 25. Be2 Rf2 26. Bd3 cxb4 27. cxb4 Qc7+ 28.
Nc2 e5 29. dxe5 Qxe5 30. Rhe1 Qxh2 31. Qxh2+ Rxh2 32. Rxe7 Bc6 33. Bf4+ Kc8 34.
Bxh2 Kd8 35. Re6 Bd7 36. Rd6 a5 37. Rxd5 axb4 38. Nxb4 Ke7 39. Rxd7+ Kxd7 40.
Bb5+ Ke6 41. g6 Kf6 42. Rd6+ Kg7 43. Be5+ Kh6 44. g7+ Kg5 45. g8=Q+ Kh4 46. Rh6#
1-0

[Event "Matrix"]
[Site "http://www.queenalice.com/game.php?id=890205"]
[Date "2011.1.23"]
[Round "3"]
[White "geraldo"]
[Black "DrIgO"]
[Result "1-0"]
[WhiteElo "1491"]
[BlackElo "1480"]

1. e4 d5 2. Bd3 dxe4 3. Bxe4 Qd4 4. Qf3 Nf6 5. d3 Bg4 6. Qf4 e5 7. Qe3 Bc5 8.
Bxb7 Qf4 9. Qxf4 exf4 10. Bxf4 Bb4+ 11. c3 Bd6 12. Bxd6 cxd6 13. Nf3 a5 14. Bxa8
d5 15. O-O O-O 16. Nbd2 Nbd7 17. Bc6 Nc5 18. Ne5 Be2 19. Rfe1 Bxd3 20. b4 axb4
21. cxb4 Bf5 22. g4 Bxg4 23. Nxg4 Nxg4 24. Bxd5 Rd8 25. bxc5 g5 26. Nf3 Rxd5 27.
Rad1 Rxc5 28. h3 Nh6 29. Rd7 g4 30. hxg4 Nxg4 31. Nh2 Nf6 32. Rd6 Nh5 33. Rd8+
Kg7 34. Kh1 Kf6 35. Rg1 Rc2 36. a4 Nf4 37. Re8 h5 38. a5 Ra2 39. Ra8 Rxf2 40. a6
Ra2 41. Rf1 Kf5 42. Nf3 Nd3 43. a7 Kg4 44. Nh2+ Kh3 45. Rg8 Rxh2+ 46. Kg1 Ne5
47. a8=Q Ng4 48. Qf3+ Kh4 49. Rxg4+ hxg4 50. Qf6+ Kg3 51. Qc3+ Kh4 52. Kxh2 1-0

[Event "Matrix"]
[Site "http://www.queenalice.com/game.php?id=942125"]
[Date "2011.5.25"]
[Round "4"]
[White "spawnwolfwolverine"]
[Black "DrIgO"]
[Result "0-1"]
[WhiteElo "1617"]
[BlackElo "1466"]

1. d4 d5 2. e3 g6 3. g3 Nf6 4. Bg2 Bg7 5. Ne2 b6 6. O-O Ba6 7. b3 Qd7 8. Nd2 c5
9. c3 cxd4 10. Nxd4 Nc6 11. Nxc6 Qxc6 12. c4 O-O 13. Bb2 Bc8 14. cxd5 Qc5 15. d6
Rb8 16. dxe7 Qxe7 17. e4 Bg4 18. f3 Qc5+ 19. Kh1 Be6 20. Rc1 Qh5 21. f4 Bg4 22.
Bf3 Qh3 23. Bxg4 Nxg4 24. Qxg4 Qxg4 25. Bxg7 Kxg7 26. e5 Qd7 27. Ne4 h6 28. Kg2
Qd5 29. Rcd1 Qxe4+ 30. Kg1 Rfd8 31. Rxd8 Rxd8 32. h4 Rd2 33. a4 Qg2# 0-1